<?xml version="1.0" encoding="UTF-8"?><?xml-stylesheet type="text/xsl" href="static/style.xsl"?><OAI-PMH xmlns="http://www.openarchives.org/OAI/2.0/" xmlns:xsi="http://www.w3.org/2001/XMLSchema-instance" xsi:schemaLocation="http://www.openarchives.org/OAI/2.0/ http://www.openarchives.org/OAI/2.0/OAI-PMH.xsd"><responseDate>2026-04-28T01:18:41Z</responseDate><request verb="GetRecord" identifier="oai:uvadoc.uva.es:10324/8559" metadataPrefix="marc">https://uvadoc.uva.es/oai/request</request><GetRecord><record><header><identifier>oai:uvadoc.uva.es:10324/8559</identifier><datestamp>2022-03-25T11:44:11Z</datestamp><setSpec>com_10324_38</setSpec><setSpec>col_10324_787</setSpec></header><metadata><record xmlns="http://www.loc.gov/MARC21/slim" xmlns:doc="http://www.lyncode.com/xoai" xmlns:xsi="http://www.w3.org/2001/XMLSchema-instance" xmlns:dcterms="http://purl.org/dc/terms/" xsi:schemaLocation="http://www.loc.gov/MARC21/slim http://www.loc.gov/standards/marcxml/schema/MARC21slim.xsd">
<leader>00925njm 22002777a 4500</leader>
<datafield tag="042" ind1=" " ind2=" ">
<subfield code="a">dc</subfield>
</datafield>
<datafield tag="720" ind1=" " ind2=" ">
<subfield code="a">López de Dios, María Victoria</subfield>
<subfield code="e">author</subfield>
</datafield>
<datafield tag="260" ind1=" " ind2=" ">
<subfield code="c">2013</subfield>
</datafield>
<datafield tag="520" ind1=" " ind2=" ">
<subfield code="a">El trabajo tiene como base las prácticas realizadas en la sede de Valladolid de la empresa "Campus Educativo de Castilla y León S.A.", sociedad promotora de la Universidad Internacional Isabel I de Castilla. Durante las prácticas, y por consiguiente en este trabajo, se lleva a cabo: 1. La participación en todo el seguimiento de los Sistemas de Gestión de Calidad, según la norma NORMA ISO 9001 Y UNE 66181:2012 2. Participación en el diseño y elaboración del Mapa de Procesos, Procedimientos,formatos asociados... 3. Seguimiento de procesos de la organización, indicadores de cumplimiento de su desempeño; identificación y registro de No Conformidades y acciones preventivas; definición de acciones conectivas y seguimiento del cumplimiento de las mismas. 4. Participación en auditorías internas y externas de seguimiento.</subfield>
</datafield>
<datafield tag="024" ind2=" " ind1="8">
<subfield code="a">http://uvadoc.uva.es/handle/10324/8559</subfield>
</datafield>
<datafield ind1=" " ind2=" " tag="653">
<subfield code="a">Calidad - Control</subfield>
</datafield>
<datafield tag="245" ind1="0" ind2="0">
<subfield code="a">Implantación y seguimiento de un sistema de gestión de calidad, según la Norma ISO 9001 Y UNE 66181</subfield>
</datafield>
</record></metadata></record></GetRecord></OAI-PMH>